00259nam a2200097Ia 4500008004100000100000900041245006100050260002600111942000700137999001700144190216s9999||||xx |||||||||||||| ||und|| aNull 0aHindi-Saranya Dakshin Ka Dandathmak Boudik Vadi Birleyna bMinistry Of Education cBK c18331d18331